[Event "interzonal (w)"]
[Site "Chisinau MDA"]
[Date "1995.??.??"]
[Round "12"]
[White "Paasikangas, Johanna"]
[Black "Radu, Elena-Luminita"]
[Result "1/2-1/2"]
[WhiteElo "2280"]
[BlackElo "2330"]
[EventDate "1995.09.??"]
[PlyCount "62"]

1.d4 d5 2.c4 e6 3.Nf3 c6 4.Nc3 dxc4 5.e4 b5 6.e5 Ne7 7.g3 Nd5 8.Ne4 a6 9.
Bg2 h6 10.O-O Nd7 11.a4 Bb7 12.Nh4 Qb6 13.Bh3 O-O-O 14.Nf3 Kb8 15.Bd2 Rc8 
16.b3 cxb3 17.axb5 cxb5 18.Qxb3 Qa7 19.Nd6 Bxd6 20.exd6 N7b6 21.Ne5 Nc4 
22.Bb4 Nxb4 23.Qxb4 Qxd4 24.d7 Qxe5 25.dxc8=Q+ Rxc8 26.Bg2 Bxg2 27.Kxg2 
Qd5+ 28.Kh3 Qh5+ 29.Kg2 Qd5+ 30.Kh3 Qh5+ 31.Kg2 Qd5+ 1/2-1/2

[Event "interzonal (w)"]
[Site "Chisinau MDA"]
[Date "1995.??.??"]
[Round "12"]
[White "Bobrowska, Monika"]
[Black "Zaitseva, Ludmila"]
[Result "1/2-1/2"]
[WhiteElo "2310"]
[BlackElo "2360"]
[EventDate "1995.09.??"]
[PlyCount "71"]

1.d4 e6 2.Nf3 f5 3.g3 Nf6 4.Bg2 d5 5.c4 Bd6 6.O-O c6 7.b3 Qe7 8.a4 O-O 9.
Ba3 Bxa3 10.Nxa3 Bd7 11.Nc2 Be8 12.Nce1 Nbd7 13.Nd3 Bh5 14.Nfe5 Nxe5 15.
Nxe5 Rad8 16.c5 Nd7 17.Nxd7 Rxd7 18.f4 g5 19.Qd3 gxf4 20.gxf4 Qh4 21.Qg3+ 
Qxg3 22.hxg3 Bxe2 23.Rfe1 Bd3 24.Rxe6 Be4 25.Kf2 a5 26.Re1 Kg7 27.Bf3 Rf6 
28.Re5 Rh6 29.Kg2 Kf8 30.Bxe4 fxe4 31.b4 axb4 32.Rb1 Rg7 33.Rxb4 Rf6 34.
Kh3 Rh6+ 35.Kg2 Rf6 36.Kh3 1/2-1/2

[Event "interzonal (w)"]
[Site "Chisinau MDA"]
[Date "1995.??.??"]
[Round "12"]
[White "Lu Xiaosha"]
[Black "Sheremetieva, Marina"]
[Result "1-0"]
[WhiteElo "2280"]
[BlackElo "2250"]
[EventDate "1995.09.??"]
[PlyCount "81"]

1.e4 d6 2.f4 d5 3.e5 Bf5 4.d4 e6 5.Bd3 Nh6 6.Nf3 Be7 7.O-O O-O 8.Bxf5 Nxf5
9.g4 Nh6 10.h3 Kh8 11.Nc3 c5 12.Ne2 Nc6 13.c3 cxd4 14.Nexd4 Nxd4 15.Nxd4 
Bc5 16.Be3 Qe7 17.Qd2 Rac8 18.Rae1 Bb6 19.Kh1 Ng8 20.f5 exf5 21.Nxf5 Qe6 
22.Bxb6 axb6 23.Nd6 Rc7 24.Qf2 Rd7 25.Qxb6 Qg6 26.Qb5 Qe6 27.Qd3 Rc7 28.
Qf5 Qe7 29.Qf3 Qe6 30.a4 g6 31.Qf4 Rd7 32.Nb5 Rdd8 33.Nd4 Qe7 34.e6 f6 35.
h4 h6 36.h5 f5 37.Qe5+ Rf6 38.hxg6 Re8 39.Rxf5 Qg7 40.Rxf6 Nxf6 41.Rf1 1-0

[Event "interzonal (w)"]
[Site "Chisinau MDA"]
[Date "1995.??.??"]
[Round "12"]
[White "Zhukova, Natalia"]
[Black "Wang Lei"]
[Result "1/2-1/2"]
[WhiteElo "2360"]
[BlackElo "2290"]
[EventDate "1995.09.??"]
[PlyCount "45"]

1.d4 d5 2.c4 dxc4 3.e3 Nf6 4.Bxc4 e6 5.Nf3 c5 6.O-O a6 7.a4 Nc6 8.Qe2 cxd4
9.Rd1 d3 10.Bxd3 Qc7 11.Nc3 b6 12.h3 Bc5 13.e4 Nd7 14.Bb1 Bb7 15.Be3 Bxe3 
16.Qxe3 O-O 17.Ba2 Rad8 18.Rac1 Qb8 19.Ng5 Qe5 20.f4 Qc5 21.Kf2 Qxe3+ 22.
Kxe3 Nc5 23.Nf3 1/2-1/2

[Event "interzonal (w)"]
[Site "Chisinau MDA"]
[Date "1995.??.??"]
[Round "13"]
[White "Burtman, Sharon"]
[Black "Nikolin, Zorica"]
[Result "1/2-1/2"]
[WhiteElo "2065"]
[BlackElo "2235"]
[EventDate "1995.09.??"]
[PlyCount "81"]

1.d4 Nf6 2.c4 g6 3.Nc3 Bg7 4.e4 d6 5.f3 O-O 6.Nge2 c6 7.Be3 a6 8.a4 a5 9.
Qd2 Re8 10.g4 e5 11.d5 Na6 12.Ng3 Nc5 13.Ra3 Qb6 14.h4 Qb4 15.h5 Nb3 16.
Rxb3 Qxb3 17.Rh2 cxd5 18.cxd5 Bd7 19.Bh6 Re7 20.Qg5 Nxg4 21.fxg4 f6 22.Qd2
Bxg4 23.hxg6 hxg6 24.Bxg7 Rxg7 25.Qh6 Rf8 26.Bb5 Qb4 27.Qh8+ Kf7 28.Qh4 
Bc8 29.Rf2 Ke7 30.Qh6 Rgg8 31.Nh5 Rf7 32.Rxf6 Rxf6 33.Qh7+ Rf7 34.Qxg8 
gxh5 35.Qxc8 Qc5 36.Qe6+ Kf8 37.Qh6+ Ke7 38.Qe6+ Kf8 39.Qh6+ Ke7 40.Qe6+ 
Kf8 41.Qh6+ 1/2-1/2

[Event "interzonal (w)"]
[Site "Chisinau MDA"]
[Date "1995.??.??"]
[Round "13"]
[White "Ciuksyte, Dagne"]
[Black "Kiseleva, Natalia"]
[Result "1/2-1/2"]
[WhiteElo "2225"]
[BlackElo "2260"]
[EventDate "1995.09.??"]
[PlyCount "40"]

1.e4 e6 2.d4 d5 3.Nc3 Nf6 4.Bg5 Be7 5.e5 Nfd7 6.Bxe7 Qxe7 7.f4 a6 8.Nf3 b6
9.Qd2 c5 10.Bd3 Nc6 11.Qf2 b5 12.dxc5 Nxc5 13.O-O b4 14.Ne2 a5 15.Bb5 Bd7 
16.Bxc6 Bxc6 17.Ned4 Bd7 18.a3 O-O 19.axb4 axb4 20.Nd2 Rfc8 1/2-1/2

[Event "interzonal (w)"]
[Site "Chisinau MDA"]
[Date "1995.??.??"]
[Round "13"]
[White "Edzgveradze, Natalia"]
[Black "Gaponenko, Inna"]
[Result "0-1"]
[WhiteElo "2320"]
[BlackElo "2365"]
[EventDate "1995.09.??"]
[PlyCount "53"]

1.d4 d5 2.c4 c6 3.e3 f5 4.Nf3 e6 5.Be2 Bd6 6.Ne5 Nf6 7.Bh5+ g6 8.Be2 Nbd7 
9.f4 Ne4 10.O-O O-O 11.Qe1 Nxe5 12.dxe5 Be7 13.Nd2 b6 14.Nxe4 dxe4 15.Bd2 
a5 16.Rd1 Qc7 17.Bc3 Rd8 18.Qg3 Kf7 19.Qh3 Kg8 20.g4 Ba6 21.Kf2 b5 22.b3 
b4 23.Bb2 Rxd1 24.Rxd1 Rd8 25.gxf5 gxf5 26.Qh6 Rxd1 27.Bxd1 0-1

[Event "interzonal (w)"]
[Site "Chisinau MDA"]
[Date "1995.??.??"]
[Round "13"]
[White "Gurieli, Nino"]
[Black "Galliamova-Ivanchuk, Alisa"]
[Result "0-1"]
[WhiteElo "2360"]
[BlackElo "2475"]
[EventDate "1995.09.??"]
[PlyCount "80"]

1.d4 c5 2.e3 g6 3.Nf3 Bg7 4.Be2 Nf6 5.O-O O-O 6.c3 b6 7.Nbd2 Bb7 8.b3 cxd4
9.cxd4 Nd5 10.Bb2 f5 11.Ne5 Na6 12.Bf3 d6 13.Nd3 Qd7 14.Nc4 g5 15.Qe2 Nac7
16.g3 Ne6 17.Bg2 Rf6 18.Rad1 Raf8 19.f3 b5 20.Nd2 Rh6 21.Nf2 f4 22.Ng4 Rg6
23.e4 Nxd4 24.Qf2 Nb4 25.Nb1 e5 26.Bxd4 exd4 27.Qd2 Nc6 28.Na3 h5 29.Nf2 
g4 30.fxg4 f3 31.Bh1 hxg4 32.Nxb5 Bh6 33.Qd3 Be3 34.Na3 Ne5 35.Qb5 Qh7 36.
Nc4 Rh6 37.Nxe5 Rxh2 38.Bxf3 gxf3 39.Nxf3 Bxf2+ 40.Rxf2 Rh1+ 0-1

[Event "interzonal (w)"]
[Site "Chisinau MDA"]
[Date "1995.??.??"]
[Round "13"]
[White "Jezierska, Ivona"]
[Black "Thipsay, Bagyashree Sathe"]
[Result "1/2-1/2"]
[WhiteElo "2085"]
[BlackElo "2195"]
[EventDate "1995.09.??"]
[PlyCount "52"]

1.e4 c6 2.d3 d5 3.Nd2 e5 4.g3 Nf6 5.Bg2 Bd6 6.Ngf3 O-O 7.h3 Nbd7 8.O-O Re8
9.Nh2 Qc7 10.Re1 dxe4 11.dxe4 Bf8 12.Ndf1 Nc5 13.Ng4 Nxg4 14.hxg4 Qd7 15.
Ne3 Qxd1 16.Rxd1 Be6 17.Bd2 Rad8 18.a4 f6 19.b4 Na6 20.b5 Nc5 21.Bf3 Rd4 
22.bxc6 bxc6 23.Nf5 Rc4 24.Ne3 Rd4 25.Nf5 Rc4 26.Ne3 Rd4 1/2-1/2

[Event "interzonal (w)"]
[Site "Chisinau MDA"]
[Date "1995.??.??"]
[Round "13"]
[White "Krupkova, Petra"]
[Black "Matveeva, Svetlana"]
[Result "1/2-1/2"]
[WhiteElo "2210"]
[BlackElo "2440"]
[EventDate "1995.09.??"]
[PlyCount "121"]

1.d4 e6 2.c4 b6 3.Nc3 Bb7 4.Nf3 f5 5.g3 Nf6 6.Bg2 Bb4 7.Qb3 Nc6 8.O-O a5 
9.a3 Bxc3 10.Qxc3 a4 11.Bf4 O-O 12.Rad1 Ne7 13.Bg5 Ne4 14.Qe3 Nxg5 15.Nxg5
Bxg2 16.Kxg2 h6 17.Nh3 b5 18.d5 bxc4 19.dxe6 d5 20.Rd2 Ra6 21.Rfd1 Rd6 22.
Qa7 Rf6 23.Qxa4 Rfxe6 24.Nf4 Re4 25.Qa5 c6 26.Qc3 Nc8 27.e3 Re7 28.Rb1 Rb7
29.b4 cxb3 30.Rxb3 Rxb3 31.Qxb3 Nb6 32.a4 Nc4 33.Ra2 Rd7 34.Nd3 Ra7 35.Qb4
Kh7 36.Qc5 Qa8 37.Nb4 Na5 38.Rc2 Nc4 39.Qxc6 Qxc6 40.Nxc6 Rxa4 41.Ne7 Nd6 
42.Nxd5 Ra5 43.Nf4 Ra7 44.h3 Ne4 45.g4 fxg4 46.hxg4 Nf6 47.f3 g5 48.Ne6 
Ra6 49.Nd4 h5 50.gxh5 Nxh5 51.Nc6 Nf6 52.Kg3 Ra3 53.Re2 Kg6 54.Ne7+ Kf7 
55.Nf5 Kg6 56.Ne7+ Kf7 57.Nf5 Kg6 58.Nd4 Rd3 59.Kf2 g4 60.fxg4 Nxg4+ 61.
Kf3 1/2-1/2

[Event "interzonal (w)"]
[Site "Chisinau MDA"]
[Date "1995.??.??"]
[Round "13"]
[White "Lin Ye"]
[Black "Stefanova, Antoaneta"]
[Result "0-1"]
[WhiteElo "2205"]
[BlackElo "2415"]
[EventDate "1995.09.??"]
[PlyCount "58"]

1.c4 e6 2.Nc3 b6 3.Nf3 Bb7 4.g3 f5 5.d4 Nf6 6.Bg2 Be7 7.O-O O-O 8.b3 Ne4 
9.Bb2 d5 10.Ne5 Nd7 11.Nxd7 Qxd7 12.Nxe4 fxe4 13.Rc1 a5 14.Qd2 a4 15.f3 
dxc4 16.bxc4 exf3 17.Bxf3 Bxf3 18.Rxf3 Rxf3 19.exf3 c5 20.Kg2 Rd8 21.Rd1 
b5 22.cxb5 Qxb5 23.Re1 Qc4 24.Qe2 Qxe2+ 25.Rxe2 cxd4 26.Rxe6 d3 27.Re1 Bb4
28.Rd1 Re8 29.Bd4 d2 0-1

[Event "interzonal (w)"]
[Site "Chisinau MDA"]
[Date "1995.??.??"]
[Round "13"]
[White "Lomineishvili, Maia"]
[Black "Maksimovic, Suzana"]
[Result "0-1"]
[WhiteElo "2295"]
[BlackElo "2190"]
[EventDate "1995.09.??"]
[PlyCount "84"]

1.d4 Nf6 2.c4 e6 3.Nc3 Bb4 4.e3 c5 5.Bd3 Nc6 6.a3 Bxc3+ 7.bxc3 d6 8.Ne2 e5
9.O-O Qe7 10.e4 h6 11.f4 cxd4 12.cxd4 exd4 13.Bb2 Bg4 14.Qc2 Bxe2 15.Qxe2 
O-O 16.Rae1 Nd7 17.Bb1 Rfe8 18.g4 Qh4 19.Kh1 Nc5 20.Rg1 Re7 21.Qf3 Rae8 
22.Rg3 Re6 23.Bc1 d3 24.Bxd3 Nd4 25.Qe3 Nxe4 26.Bxe4 Rxe4 27.Qxe4 Rxe4 28.
Rxe4 Ne6 29.Bb2 Qd8 30.f5 Ng5 31.Re2 Qb6 32.h3 Qc6+ 33.Kg1 f6 34.Rc3 Nf3+ 
35.Kf2 Ne5 36.Rec2 Qh1 37.a4 Nd3+ 38.Ke3 Nxb2 39.Rxb2 Qxh3+ 40.Kd2 Qxg4 
41.Rb5 b6 42.a5 h5 0-1

[Event "interzonal (w)"]
[Site "Chisinau MDA"]
[Date "1995.??.??"]
[Round "13"]
[White "Basagic, Vesna"]
[Black "Kachiani-Gersinska, Ketino"]
[Result "1/2-1/2"]
[WhiteElo "2340"]
[BlackElo "2360"]
[EventDate "1995.09.??"]
[PlyCount "24"]

1.d4 Nf6 2.c4 g6 3.Nc3 Bg7 4.e4 O-O 5.Be2 c6 6.Be3 d5 7.cxd5 cxd5 8.e5 Ne4
9.Qb3 Nxc3 10.Qxc3 f6 11.exf6 exf6 12.Bf3 Be6 1/2-1/2

[Event "interzonal (w)"]
[Site "Chisinau MDA"]
[Date "1995.??.??"]
[Round "13"]
[White "Qin Kanying"]
[Black "Maric, Alisa"]
[Result "0-1"]
[WhiteElo "2370"]
[BlackElo "2445"]
[EventDate "1995.09.??"]
[PlyCount "160"]

1.e4 e5 2.Nf3 Nc6 3.Bb5 a6 4.Ba4 Nf6 5.O-O Be7 6.Re1 b5 7.Bb3 d6 8.c3 O-O 
9.h3 h6 10.d4 Re8 11.Nbd2 Bf8 12.d5 Ne7 13.Nf1 Bb7 14.N3h2 c6 15.dxc6 Bxc6
16.Qf3 Ng6 17.Ng4 Bd7 18.Nfh2 Be6 19.Nxf6+ Qxf6 20.Qxf6 gxf6 21.Ng4 Bxg4 
22.hxg4 Nf4 23.Be3 a5 24.g3 Nd3 25.Re2 a4 26.Bd5 Rac8 27.a3 Nc5 28.Kg2 Bg7
29.Rh1 Kf8 30.Rd2 Ke7 31.Bxh6 Bxh6 32.Rxh6 Rh8 33.Rh4 Rb8 34.Rd1 Rbc8 35.
Kf3 Rb8 36.Ke3 Rbc8 37.Rdh1 Rhg8 38.Rh7 Ne6 39.f3 Ng5 40.R7h4 Ne6 41.Rd1 
Rb8 42.f4 Nc5 43.Rh7 Rbf8 44.Kf3 Rh8 45.Rdh1 Rxh7 46.Rxh7 Ne6 47.Rh6 Nc7 
48.Ba2 Na8 49.Ke2 Nc7 50.Ke3 Rg8 51.Rh7 Ne6 52.Rh4 Rc8 53.Rh6 Nc7 54.Kf3 
Rg8 55.Rh2 Ne6 56.Rh7 Rf8 57.Rh6 Nc5 58.g5 fxg5 59.fxe5 dxe5 60.Rb6 g4+ 
61.Ke3 f5 62.exf5 Rxf5 63.Bd5 Rf1 64.Rxb5 Kd6 65.c4 e4 66.Rb8 Rf3+ 67.Ke2 
Ke5 68.Re8+ Kd4 69.Rd8 Re3+ 70.Kf2 Nd3+ 71.Kg2 Re2+ 72.Kg1 Ne5 73.Re8 Rxb2
74.Ba8 Rc2 75.Bb7 Rxc4 76.Rc8 Rxc8 77.Bxc8 Kc3 78.Kf1 Kd2 79.Ba6 e3 80.Be2
Nf3 0-1

[Event "interzonal (w)"]
[Site "Chisinau MDA"]
[Date "1995.??.??"]
[Round "13"]
[White "Ratcu, Tatiana"]
[Black "Janjgava, Natia"]
[Result "1/2-1/2"]
[WhiteElo "2080"]
[BlackElo "2280"]
[EventDate "1995.09.??"]
[PlyCount "24"]

1.e4 c5 2.Nf3 d6 3.d4 cxd4 4.Nxd4 Nf6 5.Nc3 e6 6.g3 a6 7.Bg2 Be7 8.O-O O-O
9.Kh1 Qc7 10.f4 Nc6 11.Be3 Bd7 12.Nb3 Rac8 1/2-1/2

[Event "interzonal (w)"]
[Site "Chisinau MDA"]
[Date "1995.??.??"]
[Round "13"]
[White "Sakhatova, Elvira"]
[Black "Danielian, Elina"]
[Result "1-0"]
[WhiteElo "2340"]
[BlackElo "2320"]
[EventDate "1995.09.??"]
[PlyCount "71"]

1.e4 c6 2.d4 g6 3.Nc3 Bg7 4.Nf3 d5 5.h3 Nh6 6.Bf4 f6 7.exd5 cxd5 8.Nb5 O-O
9.c4 a6 10.Nc3 e6 11.Be2 Nc6 12.O-O Nf5 13.cxd5 exd5 14.Re1 Re8 15.Bf1 Be6
16.Na4 Bf7 17.Rxe8+ Qxe8 18.Nc5 Qe7 19.Rc1 g5 20.Bh2 h5 21.Qd3 Bg6 22.Qb3 
g4 23.Qxd5+ Kh7 24.Re1 Qf8 25.hxg4 hxg4 26.Nd2 Ncxd4 27.Nde4 b6 28.Nd7 Qb4
29.Nexf6+ Bxf6 30.Nxf6+ Kg7 31.Qe5 Qxe1 32.Qxe1 Kxf6 33.Be5+ Kf7 34.Bc4+ 
Ne6 35.Qd2 Ra7 36.Qg5 1-0

[Event "interzonal (w)"]
[Site "Chisinau MDA"]
[Date "1995.??.??"]
[Round "13"]
[White "Semenova, Lidia"]
[Black "Belakovskaia, Anjelina"]
[Result "1-0"]
[WhiteElo "2310"]
[BlackElo "2345"]
[EventDate "1995.09.??"]
[PlyCount "133"]

1.e4 c6 2.d4 d5 3.Nd2 dxe4 4.Nxe4 Bf5 5.Ng3 Bg6 6.Nf3 Nd7 7.h4 h6 8.h5 Bh7
9.Bd3 Bxd3 10.Qxd3 Qc7 11.Bd2 Ngf6 12.O-O-O e6 13.Ne4 O-O-O 14.Nxf6 Nxf6 
15.Qe2 Bd6 16.c4 c5 17.Bc3 Rhe8 18.Kb1 Qc6 19.Rh4 a6 20.a3 Qa4 21.Rc1 Re7 
22.Qc2 Qxc2+ 23.Kxc2 Kd7 24.Ba5 Rc8 25.dxc5 Bxc5 26.Ne5+ Ke8 27.Nd3 Ba7 
28.Bc3 b5 29.cxb5 axb5 30.Rb4 Rb7 31.a4 Rcb8 32.Bxf6 gxf6 33.a5 Rd8 34.Rb3
Rd5 35.g4 f5 36.f3 fxg4 37.fxg4 f5 38.Re1 Kf7 39.gxf5 Rxf5 40.a6 Rc7+ 41.
Kd2 Rxh5 42.Ne5+ Ke8 43.Rxb5 Rc5 44.Rxc5 Bxc5 45.Kc3 Rh3+ 46.Kc4 Re3 47.
Rxe3 Bxe3 48.Ng4 Ba7 49.Nxh6 Kd7 50.Kb5 Kc7 51.Nf7 Bd4 52.b4 Bf2 53.Ne5 
Bg1 54.Nd3 Ba7 55.Nc5 e5 56.Ne4 Bb6 57.Kc4 Ba7 58.b5 Kb6 59.Nf6 Ka5 60.Ne4
Ka4 61.Nd6 Ka5 62.Nc8 Be3 63.a7 Bxa7 64.Nxa7 e4 65.Nc6+ Kb6 66.Nd4 e3 67.
Kd3 1-0

[Event "interzonal (w)"]
[Site "Chisinau MDA"]
[Date "1995.??.??"]
[Round "13"]
[White "Sheremetieva, Marina"]
[Black "Berezina, Irina"]
[Result "1-0"]
[WhiteElo "2250"]
[BlackElo "2195"]
[EventDate "1995.09.??"]
[PlyCount "87"]

1.e4 e6 2.d3 c5 3.g3 b6 4.Bg2 Bb7 5.Nf3 Ne7 6.O-O d6 7.Nc3 a6 8.a4 Nbc6 9.
Be3 Qc7 10.Re1 e5 11.Nd5 Nxd5 12.exd5 Ne7 13.c4 a5 14.Qb3 O-O-O 15.Ng5 Ng6
16.Be4 Kb8 17.Bxg6 hxg6 18.f4 Bc8 19.Nxf7 Be7 20.Nxd8 Qxd8 21.fxe5 dxe5 
22.Bd2 Ka7 23.Bc3 Qd7 24.Qc2 Bd8 25.Bxe5 Qh3 26.Qg2 Qh5 27.Qf2 Bf5 28.d4 
Qg4 29.dxc5 Qxc4 30.Rac1 Qxd5 31.c6 Bg5 32.Bf4 Bf6 33.Be3 Qb3 34.Bd4 Bg5 
35.Rc3 Qb4 36.c7 Bc8 37.h4 Rf8 38.Bxb6+ Ka6 39.Qe2+ Kxb6 40.hxg5 Qc4 41.
Qe3+ Ka6 42.Rec1 Qb4 43.Qd3+ Ka7 44.Rb3 1-0

[Event "interzonal (w)"]
[Site "Chisinau MDA"]
[Date "1995.??.??"]
[Round "13"]
[White "Shumiakina, Tatiana"]
[Black "Hoang Thanh Trang"]
[Result "1/2-1/2"]
[WhiteElo "2345"]
[BlackElo "2405"]
[EventDate "1995.09.??"]
[PlyCount "113"]

1.d4 f5 2.g3 Nf6 3.Bg2 g6 4.c4 Bg7 5.Nh3 O-O 6.Nc3 d6 7.d5 Qe8 8.Nf4 c6 9.
h4 e5 10.dxe6 Bxe6 11.Qb3 Rf7 12.h5 Rd7 13.hxg6 hxg6 14.Nxe6 Qxe6 15.Bg5 
Na6 16.Bxf6 Qxf6 17.Qc2 Qd4 18.Rh4 Qe5 19.Kf1 Nc5 20.Rd1 Re8 21.Bf3 Ne6 
22.e3 Bf6 23.Rh1 Ng5 24.Kg2 Nxf3 25.Kxf3 Qe6 26.Qd3 Ree7 27.Kg2 Rg7 28.b3 
Bxc3 29.Qxc3 Qe4+ 30.f3 Qe5 31.Qxe5 dxe5 32.Kf2 Rge7 33.Ke2 Kg7 34.Rxd7 
Rxd7 35.Rh4 c5 36.f4 exf4 37.gxf4 Rd6 38.Rh1 Ra6 39.a4 Rb6 40.Rb1 a5 41.
Kd3 Kf6 42.Kc3 Re6 43.Kd3 Rd6+ 44.Kc3 Re6 45.Kd3 Rd6+ 46.Kc3 g5 47.fxg5+ 
Kxg5 48.Rg1+ Kf6 49.Rg8 b6 50.Kc2 Ke5 51.Re8+ Re6 52.Rxe6+ Kxe6 53.Kd2 Ke5
54.Kd3 f4 55.Ke2 Kf5 56.exf4 Kxf4 57.Kf2 1/2-1/2

[Event "interzonal (w)"]
[Site "Chisinau MDA"]
[Date "1995.??.??"]
[Round "13"]
[White "Skripchenko, Almira"]
[Black "Bojkovic, Natasa"]
[Result "1/2-1/2"]
[WhiteElo "2400"]
[BlackElo "2425"]
[EventDate "1995.09.??"]
[PlyCount "176"]

1.e4 c5 2.Nf3 e6 3.d3 Nc6 4.g3 g6 5.Bg2 Bg7 6.O-O Nge7 7.c3 d5 8.Nbd2 b6 
9.Qe2 Ba6 10.exd5 exd5 11.Re1 O-O 12.Nf1 h6 13.h4 Re8 14.Bf4 Bc8 15.Qd2 
Kh7 16.Re2 Bf5 17.Rae1 Qd7 18.Ne3 Be6 19.d4 Rad8 20.Nc2 Bg4 21.b4 cxd4 22.
cxd4 b5 23.Re3 Nc8 24.Rxe8 Rxe8 25.Rxe8 Qxe8 26.Ne5 Be6 27.Qc3 Nxe5 28.
Bxe5 Bf8 29.Qc7 Qe7 30.Qc6 Bf5 31.Ne3 Bd7 32.Qxd5 Nb6 33.Qf3 Bg7 34.Bxg7 
Kxg7 35.a3 Nc4 36.Nxc4 bxc4 37.Qc3 Bb5 38.a4 Bxa4 39.d5+ Kh7 40.Qxc4 Qe1+ 
41.Kh2 Qxf2 42.Qc5 Qc2 43.Qxa7 Kg7 44.Qd4+ Kg8 45.Qc5 Qe2 46.Qc1 h5 47.Qf1
Qd2 48.Qf4 Qb2 49.Qc4 Bd7 50.d6 Qd2 51.Qf4 Qb2 52.Qc4 Qd2 53.Qc7 Be6 54.
Qc6 Qxb4 55.Qe8+ Kg7 56.d7 Bxd7 57.Qxd7 Qb2 58.Kh3 Qf6 59.Qd5 Qb2 60.Bf1 
Qa1 61.Bc4 Qf6 62.Kg2 Qb2+ 63.Kf3 Qc3+ 64.Bd3 Qa1 65.Ke2 Qb2+ 66.Ke3 Qc1+ 
67.Ke2 Qb2+ 68.Kf3 Qa1 69.Kf2 Qb2+ 70.Be2 Qf6+ 71.Ke3 Qc3+ 72.Kf4 Qc1+ 73.
Ke4 Qh1+ 74.Ke5 f6+ 75.Ke6 Qxd5+ 76.Kxd5 Kh6 77.Ke6 g5 78.Kf7 gxh4 79.gxh4
f5 80.Kg8 Kg6 81.Bf3 Kh6 82.Bc6 Kg6 83.Bd5 Kh6 84.Bf7 f4 85.Bd5 Kg6 86.Bf3
Kh6 87.Be4 f3 88.Bxf3 Kg6 1/2-1/2

[Event "interzonal (w)"]
[Site "Chisinau MDA"]
[Date "1995.??.??"]
[Round "13"]
[White "Bobrowska, Monika"]
[Black "Khurtsidze, Nino"]
[Result "0-1"]
[WhiteElo "2310"]
[BlackElo "2295"]
[EventDate "1995.09.??"]
[PlyCount "113"]

1.d4 d5 2.Nf3 Nf6 3.c4 e6 4.cxd5 exd5 5.Bg5 Nbd7 6.Nc3 Bb4 7.Qb3 c5 8.Bd2 
Qa5 9.Nxd5 Bxd2+ 10.Nxd2 cxd4 11.Qb5 Qd8 12.Nxf6+ Qxf6 13.Qb4 a5 14.Qa3 
Ra6 15.e4 dxe3 16.fxe3 Re6 17.Rc1 Rc6 18.Rc4 Qe7 19.Re4 Re6 20.Rxe6 fxe6 
21.Qxa5 O-O 22.Nf3 Nf6 23.Bd3 Nd5 24.O-O Nxe3 25.Re1 Ng4 26.h3 Nf6 27.Qe5 
Qb4 28.a3 Qb6+ 29.Qd4 Qxd4+ 30.Nxd4 Rd8 31.Rc1 Rxd4 32.Rxc8+ Kf7 33.Be2 
Rd2 34.Bf3 Rxb2 35.Rc7+ Kg6 36.Rxb7 Ra2 37.Ra7 e5 38.Ra6 Kg5 39.Ra5 Kf4 
40.Bb7 e4 41.Bc8 e3 42.g3+ Kxg3 43.Rg5+ Kf4 44.Rf5+ Ke4 45.Rf1 Rxa3 46.
Bb7+ Ke5 47.Rb1 Ra2 48.Re1 Kd4 49.Bf3 Ne4 50.Rd1+ Rd2 51.Ra1 Ng5 52.Bg4 
Ke4 53.Ra4+ Ke5 54.Ra5+ Kf4 55.Rf5+ Kg3 56.Rxg5 g6 57.Kf1 0-1

[Event "interzonal (w)"]
[Site "Chisinau MDA"]
[Date "1995.??.??"]
[Round "13"]
[White "Tsoganova, Monika"]
[Black "Petrenko, Svetlana"]
[Result "1-0"]
[WhiteElo "2295"]
[BlackElo "2250"]
[EventDate "1995.09.??"]
[PlyCount "119"]

1.d4 Nf6 2.c4 g6 3.Nc3 d5 4.Nf3 Bg7 5.Bf4 c6 6.e3 Bg4 7.Qb3 Bc8 8.Rc1 O-O 
9.Be2 e6 10.O-O Nbd7 11.h3 Nb6 12.Ne5 Nfd7 13.Nxd7 dxc4 14.Bxc4 Qxd7 15.
Be2 Qe7 16.Ne4 e5 17.dxe5 Bxe5 18.Bxe5 Qxe5 19.Nc5 Re8 20.Rfd1 Be6 21.Qa3 
Re7 22.Rd4 Bd5 23.Rcd1 f5 24.Nd3 Qc7 25.Nf4 Bf7 26.h4 Rae8 27.Qc3 Qe5 28.
Bf3 c5 29.R4d3 Qxc3 30.Rxc3 c4 31.h5 Kg7 32.g4 g5 33.Ne2 fxg4 34.Bxg4 Be6 
35.Bxe6 Rxe6 36.Nd4 Re5 37.b3 g4 38.Kg2 Rxh5 39.bxc4 Rc5 40.Rb1 Kg6 41.Ra3
Nxc4 42.Rxa7 b6 43.Ne2 h5 44.Nf4+ Kh6 45.Kg3 Rf8 46.Rd1 Rh8 47.Kh4 Rg5 48.
Re7 Ne5 49.Rd6+ Ng6+ 50.Kg3 h4+ 51.Kg2 g3 52.Ree6 gxf2+ 53.Kxf2 Ra8 54.
Rxg6+ Rxg6 55.Rxg6+ Kh7 56.Rxb6 Rxa2+ 57.Kf3 Kg7 58.Rg6+ Kf7 59.Rh6 Rh2 
60.Kg4 1-0

[Event "interzonal (w)"]
[Site "Chisinau MDA"]
[Date "1995.??.??"]
[Round "13"]
[White "Wang Lei"]
[Black "Foisor, Cristina"]
[Result "1/2-1/2"]
[WhiteElo "2290"]
[BlackElo "2345"]
[EventDate "1995.09.??"]
[PlyCount "110"]

1.Nf3 Nf6 2.c4 g6 3.g3 Bg7 4.Bg2 c6 5.d4 O-O 6.Nc3 d5 7.cxd5 cxd5 8.Ne5 e6
9.O-O Nfd7 10.f4 Nc6 11.Be3 Nb6 12.Bf2 Bd7 13.Rc1 Ne7 14.b3 Bc6 15.Qd2 
Nbc8 16.Rfd1 Nd6 17.g4 Rc8 18.Bh4 Be8 19.e3 f6 20.Nd3 b6 21.Kh1 Bc6 22.Rf1
Bb7 23.Bg3 Qd7 24.h3 Ba6 25.Rfe1 Bxd3 26.Qxd3 f5 27.Bh4 Nc6 28.Red1 Ne4 
29.Be1 Rfe8 30.Nxe4 fxe4 31.Qb5 Qb7 32.Bf1 Nb8 33.Bb4 Bf8 34.Bxf8 Rxf8 35.
Qb4 Kf7 36.Kg1 Qe7 37.Qxe7+ Kxe7 38.g5 Kd6 39.Kf2 Nc6 40.Ba6 Rc7 41.a3 Rh8
42.Rc2 Ne7 43.Rxc7 Kxc7 44.Be2 Kd6 45.Rc1 h6 46.gxh6 Rxh6 47.Bg4 Rh8 48.
Kg3 Kd7 49.Rc2 Nc8 50.Rc1 Nd6 51.a4 a5 52.Kf2 Nc8 53.Kg3 Ne7 54.Kf2 Kd6 
55.Kg3 Kd7 1/2-1/2

[Event "interzonal (w)"]
[Site "Chisinau MDA"]
[Date "1995.??.??"]
[Round "13"]
[White "Zaitseva, Ludmila"]
[Black "Khorava, Miranda"]
[Result "0-1"]
[WhiteElo "2360"]
[BlackElo "2270"]
[EventDate "1995.09.??"]
[PlyCount "62"]

1.d4 e6 2.Nf3 b6 3.e3 Bb7 4.Bd3 f5 5.c4 Bb4+ 6.Bd2 Bxd2+ 7.Nbxd2 Nf6 8.Qc2
O-O 9.h3 Na6 10.a4 c5 11.d5 exd5 12.cxd5 Nxd5 13.Bxf5 Nf6 14.Ng5 h6 15.
Bh7+ Kh8 16.h4 Qe7 17.Bg6 d5 18.Kf1 Nc7 19.Ndf3 Ne4 20.Nh3 Qf6 21.Nf4 Ne6 
22.Bxe4 dxe4 23.Ne5 Nxf4 24.exf4 Rad8 25.h5 Kh7 26.Ng6 Rf7 27.Ne5 Qxf4 28.
Nxf7 Rd2 29.Qxd2 Qxd2 30.Rh3 Qxb2 31.Re1 Qf6 0-1